|
|
|
|
| LEADER |
00000nab#a22000007a#4500 |
| 001 |
arbauad023018 |
| 003 |
AR-BaUAD |
| 005 |
20250711111943.0 |
| 008 |
961029|||||||||###||||||b###|0###a|spa|| |
| 040 |
|
|
|a AR-BaUAD
|c AR-BaUAD
|b spa
|
| 100 |
|
|
|a Dell'acqua Bellavitis, Arturo
|
| 245 |
|
|
|a Luce, forme e colori /
|c Arturo Dell'acqua Bellavitis;
|
| 300 |
0 |
|
|b fot.
|
| 653 |
|
|
|a SUECIA
|
| 653 |
|
|
|a FINLANDIA
|
| 653 |
|
|
|a NORUEGA
|
| 653 |
|
|
|a DINAMARCA
|
| 653 |
|
|
|a COLOR
|
| 653 |
|
|
|a TEORIA
|
| 653 |
|
|
|a ESPACIO PUBLICO
|
| 653 |
|
|
|a VIVIENDA
|
| 653 |
|
|
|a URBANISMO
|
| 773 |
0 |
|
|t OTTAGONO
|g no. 117 [dic.-feb. 1996], p. 53-59
|
| 942 |
|
|
|c ARTI
|
| 952 |
|
|
|0 0
|1 0
|4 0
|7 0
|9 67937
|a AR-BAuAD
|b AR-BAuAD
|d 2025-07-11
|l 0
|p AAQA023018
|r 2025-07-11 11:19:43
|w 2025-07-11
|y ARTI
|
| 990 |
|
|
|a U199
|b TD
|
| 990 |
|
|
|a AQ199
|b TD
|
| 998 |
|
|
|a AAQ
|b BIBUN76
|
| 999 |
|
|
|c 47610
|d 47610
|